Kernel one : student's book /

Guardado en:
Autor Principal: O Neill, Robert
Formato: Libro
Publicado: London : Longman, 1982
Materias:
Etiquetas: Agregar Etiqueta
Sin Etiquetas, Sea el primero en etiquetar este registro!
LEADER 01338nam a22003015a 4500
001 CEM.cems004718
005 20060217000000.0
008 130507s1982##################000#0#####d
003 CEMS
082 0 4 |a 428.64 
100 1 |a O Neill, Robert 
245 1 0 |a Kernel one :  |b student's book / 
260 |a London :  |b Longman,  |c 1982 
300 |a 131 p. 
653 |a Ingles 
859 |a CEMS  |b BIB. CEMS - 11 de abril  |h 428.64  |i On2/I  |p 13051.84  |t Ej.12 
859 |a CEMS  |b BIB. CEMS - 11 de abril  |h 428.64  |i On2/I  |p 13114.84  |t Ej.5 
859 |a CEMS  |b BIB. CEMS - 11 de abril  |h 428.64  |i On2/I  |p 13305.84  |t Ej.13 
859 |a CEMS  |b BIB. CEMS - 11 de abril  |h 428.64  |i On2/I  |p 13717.85  |t Ej.9 
859 |a CEMS  |b BIB. CEMS - 11 de abril  |h 428.64  |i On2/I  |p 14412.87  |t Ej.1 
859 |a CEMS  |b BIB. CEMS - 11 de abril  |h 428.64  |i On2/I  |p 7613.80  |t Ej.2 
859 |a CEMS  |b BIB. CEMS - 11 de abril  |h 428.64  |i On2/I  |p 7614.80  |t Ej.3 
859 |a CEMS  |b BIB. CEMS - 11 de abril  |h 428.64  |i On2/I  |p 7615.80  |t Ej.4 
859 |a CEMS  |b BIB. CEMS - 11 de abril  |h 428.64  |i On2/I  |p 7617.80  |t Ej.6 
859 |a CEMS  |b BIB. CEMS - 11 de abril  |h 428.64  |i On2/I  |p 7618.80  |t Ej.7 
859 |a CEMS  |b BIB. CEMS - 11 de abril  |h 428.64  |i On2/I  |p 7619.80  |t Ej.8 
859 |a CEMS  |b BIB. CEMS - 11 de abril  |h 428.64  |i On2/I  |p 7621.80  |t Ej.10 
859 |a CEMS  |b BIB. CEMS - 11 de abril  |h 428.64  |i On2/I  |p 8895.81  |t Ej.11